| 000 | 00694cam a2200265 4500 | ||
|---|---|---|---|
| 008 | 090401t1998 xxu||||| |||| 00| 0 eng d | ||
| 020 | _a1857120752 | ||
| 035 | _a(Sirsi) u89098 | ||
| 041 | _aeng | ||
| 050 | _a657.76 | ||
| 110 |
_aAccounting Standards Board _93454 |
||
| 240 | _aFRS 14 | ||
| 245 | _aEarnings per share | ||
| 260 |
_aMilton Keynes _bAccounting Standards Board _c1998 |
||
| 300 |
_a61p. _c21cm. |
||
| 350 | _a8 | ||
| 490 | _aASB Financial Reporting Standard | ||
| 650 | _aEARNINGS PER SHARE | ||
| 650 | _aFINANCIAL REPORTING | ||
| 650 | _aFRS 14 | ||
| 650 | _aSHARES | ||
| 690 | _aPROPERTY-PROPERTY FINANCE AND INVESTMENT | ||
| 942 | _n0 | ||
| 948 | _c20/10/1998 | ||
| 999 |
_c97422 _d97422 |
||